European Real Estate Society (Record no. 120140)

MARC details
000 -LEADER
fixed length control field 00781cam a2200205 4500
001 - CONTROL NUMBER
control field WS119191
008 - FIXED-LENGTH DATA ELEMENTS--GENERAL INFORMATION
fixed length control field 020805n 000 0 eng u
035 ## - SYSTEM CONTROL NUMBER
System control number (Sirsi) u119191
110 ## - MAIN ENTRY--CORPORATE NAME
Corporate name or jurisdiction name as entry element European Real Estate Society
9 (RLIN) 4312
245 ## - TITLE STATEMENT
Title European Real Estate Society
520 ## - SUMMARY, ETC.
Summary, etc. Web site for this organisation 'established to create a structured and permanent network between real estate academics and professionals across Europe'. Includes details of research and conferences.
650 ## - SUBJECT ADDED ENTRY--TOPICAL TERM
Topical term or geographic name entry element EUROPE
650 ## - SUBJECT ADDED ENTRY--TOPICAL TERM
Topical term or geographic name entry element INTERNATIONAL
650 ## - SUBJECT ADDED ENTRY--TOPICAL TERM
Topical term or geographic name entry element ACADEMIC
650 ## - SUBJECT ADDED ENTRY--TOPICAL TERM
Topical term or geographic name entry element RESEARCH
650 ## - SUBJECT ADDED ENTRY--TOPICAL TERM
Topical term or geographic name entry element Valuation
9 (RLIN) 6273
690 ## - LOCAL SUBJECT ADDED ENTRY--TOPICAL TERM (OCLC, RLIN)
Topical term or geographic name as entry element MANAGEMENT-BUSINESS MANAGEMENT-PROFESSIONAL PRACTICE
856 40 - ELECTRONIC LOCATION AND ACCESS
Uniform Resource Identifier <a href="https://www.eres.org">https://www.eres.org</a>
Public note View the website free of charge at www.eres.org...
942 ## - ADDED ENTRY ELEMENTS (KOHA)
Suppress in OPAC 0
Holdings
Withdrawn status Lost status Source of classification or shelving scheme Damaged status Not for loan Home library Current library Shelving location Date acquired Total Checkouts Full call number Barcode Date last seen Copy number Price effective from Koha item type
    Dewey Decimal Classification     Virtual Virtual Online 05/08/2002   WEB SITE 119191-2001 06/08/2019 1 06/08/2019 Online material